000
00307nam a22001217a 4500
003
NUST - PNEC
005
20170116181143.0
008
151008b xxu||||| |||| 00| 0 eng d
040
_c
LIBRARY
082
_a
824 KHA
245
_a
Inter faith essays and other articles
_c
Khan, Abdul Waheed
942
_2
ddc
_c
BK
999
_c
70600
_d
70600